| Tag |
First Indicator |
Second Indicator |
Subfields |
| LEADER |
00000cam a2200000 a 4500 |
| 001 |
in00005709366 |
| 005 |
20260318191726.4 |
| 006 |
m o d |
| 007 |
cr ||||||||||| |
| 008 |
121025t20132012nyu fo 001 0 eng d |
| 040 |
|
|
|a StDuBDS
|b eng
|e pn
|c STF
|d OCLCO
|d YDXCP
|d OCLCF
|d OCLCO
|d OCLCQ
|d FIE
|d STBDS
|d BUF
|d WYU
|d YOU
|d OCLCQ
|d OCLCO
|d CBS
|d OCLCO
|d OCLCQ
|d OCLCO
|d OCLCL
|d OCLCQ
|d OCLCL
|
| 019 |
|
|
|a 967256239
|
| 020 |
|
|
|a 9780199979691
|q (ebook)
|
| 020 |
|
|
|a 0199979693
|q (ebook)
|
| 020 |
|
|
|z 9780199795734
|q (hardcover)
|
| 020 |
|
|
|z 9780199795741
|q (pbk. ;
|q alk. paper)
|
| 035 |
|
|
|a (OCoLC)826068436
|z (OCoLC)967256239
|
| 050 |
|
4 |
|a BV4647.J68
|b B53 2012eb
|
| 082 |
0 |
4 |
|a 220.6
|2 23
|
| 049 |
|
|
|a TXAM
|
| 245 |
0 |
4 |
|a The Bible and the pursuit of happiness :
|b what the Old and New Testaments teach us about the good life /
|c [edited by] Brent A. Strawn.
|
| 264 |
|
1 |
|a New York ;
|a Oxford ;
|b Oxford University Press,
|c 2013.
|
| 264 |
|
4 |
|c ©2012.
|
| 300 |
|
|
|a 1 online resource
|
| 336 |
|
|
|a text
|b txt
|2 rdacontent
|
| 337 |
|
|
|a computer
|b c
|2 rdamedia
|
| 338 |
|
|
|a online resource
|b cr
|2 rdacarrier
|
| 504 |
|
|
|a Includes bibliographical references and index.
|
| 505 |
0 |
|
|a Introduction. The Bible and ... happiness? / Brent A. Strawn -- pt. 1. Hebrew Bible/Old Testament -- God, creation, and the pursuit of happiness / Terence E. Fretheim -- Is there happiness in the Torah? / Nathan MacDonald -- A happy blend : Isaiah's vision of happiness (and beyond) / Jacqueline Lapsley -- Happiness and its discontents in the Psalms / William P. Brown -- Positive psychology and ancient Israelite wisdom / Carol A. Newsom -- pt. 2. New Testament -- The Beatitudes : happiness and the kingdom of God / Carl R. Holladay -- "We had to celebrate and rejoice!" : happiness in the topsy-turvy world of Luke-Acts / Joel B. Green -- "I have learned to be content?" : happiness according to St. Paul / Colleen Shantz -- Finding happiness in apocalyptic literature / Greg Carey -- pt. 3. Beyond the Bible : continuing the conversation into other disciplines -- The necessity of divine happiness : a response from systematic theology / Ellen T. Charry -- A constructed happiness : a response from practical theology / Thomas G. Long -- The transformation of happiness : a response from counseling psychology / Steven J. Sandage -- Epilogue. The triumph of life : towards a biblical theology of happiness / Brent A. Strawn -- Appendix. A biblical lexicon of happiness / Michael J. Chan.
|
| 520 |
8 |
|
|a Scholars of the social sciences have devoted more and more attention of late to the concept of human happiness, mainly from sociological and psychological perspectives. This volume, which includes essays from scholars of the New Testament, the Old Testament, systematic theology, practical theology, and counseling psychology, poses an exciting question: what is happiness according to the Bible?
|
| 588 |
0 |
|
|a Online resource; title from PDF title page (viewed on September 17, 2019).
|
| 630 |
0 |
0 |
|a Bible
|x Psychology.
|
| 630 |
0 |
6 |
|a Bible
|x Psychologie.
|
| 630 |
0 |
7 |
|a Bible
|2 fast
|
| 650 |
|
0 |
|a Happiness
|x Religious aspects
|x Christianity.
|
| 650 |
|
0 |
|a Happiness
|x Biblical teaching.
|
| 650 |
|
6 |
|a Bonheur
|x Enseignement biblique.
|
| 650 |
|
6 |
|a Bonheur
|x Aspect religieux
|x Christianisme.
|
| 650 |
|
7 |
|a Happiness
|x Biblical teaching
|2 fast
|
| 650 |
|
7 |
|a Happiness
|x Religious aspects
|x Christianity
|2 fast
|
| 650 |
|
7 |
|a Psychology
|2 fast
|
| 655 |
|
7 |
|a Electronic books.
|2 local
|
| 700 |
1 |
|
|a Strawn, Brent A.,
|e editor.
|
| 758 |
|
|
|i has work:
|a The Bible and the pursuit of happiness (Work)
|1 https://id.oclc.org/worldcat/entity/E39PCGcY3WwwBp4H6Q9rxPXgjy
|4 https://id.oclc.org/worldcat/ontology/hasWork
|
| 776 |
0 |
8 |
|i Print version:
|t Bible and the pursuit of happiness.
|d New York: Oxford University Press, 2012
|h xvii, 430 pages
|z 9780199795734
|z 9780199795741
|
| 856 |
4 |
0 |
|u http://proxy.library.tamu.edu/login?url=https://academic.oup.com/book/27229
|z Connect to the full text of this electronic book
|t 0
|
| 955 |
|
|
|a Oxford Scholarship Online
|
| 994 |
|
|
|a 92
|b TXA
|
| 999 |
f |
f |
|i cb00c4db-ca56-4893-bd6c-13fd361e3e01
|s 54fdea68-a342-49ec-baef-6eceafc7c6e6
|t 0
|
| 952 |
f |
f |
|a Texas A&M University
|b College Station
|c Electronic Resources
|s www_evans
|d Available Online
|t 0
|e BV4647.J68 B53 2012eb
|h Library of Congress classification
|
| 998 |
f |
f |
|a BV4647.J68 B53 2012eb
|t 0
|l Available Online
|